Statistics for The Ultimate Geography Quiz

Click here to take the quiz!

General Stats

  • This quiz has been taken 51 times
  • The average score is 295 of 462

Answer Stats

HintAnswer% Correct
-Mexico
89%
-Mexico City
89%
Countries-USA
86%
-Algeria
84%
-Argentina
84%
-Azerbaijan
84%
-Brazil
84%
-Canada
84%
-China
84%
-Georgia
84%
-Germany
84%
-India
84%
-Ireland
84%
-Japan
84%
-Netherlands
84%
-Panama
84%
-Panama City
84%
-Peru
84%
-Russia
84%
-Turkmenistan
84%
-UK
84%
-Andorra
82%
-Armenia
82%
-Australia
82%
-Chile
82%
-Cuba
82%
-Cyprus
82%
-Denmark
82%
-Finland
82%
-France
82%
-Haiti
82%
-Iceland
82%
-Indonesia
82%
-Iraq
82%
-Italy
82%
-Kazakhstan
82%
-Liechtenstein
82%
-London
82%
-Malta
82%
-Oman
82%
-Paraguay
82%
-Portugal
82%
-Rome
82%
-South Africa
82%
-Spain
82%
-Sweden
82%
-Ukraine
82%
-Uruguay
82%
-Vatican City
82%
-Austria
80%
-Bangladesh
80%
-Belarus
80%
-Belgium
80%
-Bhutan
80%
-Bolivia
80%
-Cambodia
80%
-Central African Republic
80%
-Colombia
80%
-Ecuador
80%
-Egypt
80%
-Estonia
80%
-Ghana
80%
-Guatemala
80%
-Guatemala City
80%
-Guinea
80%
-Guyana
80%
-Iran
80%
-Israel
80%
-Jamaica
80%
-Jordan
80%
-Latvia
80%
-Libya
80%
-Lithuania
80%
-Malaysia
80%
-Monaco
80%
-Montenegro
80%
-Morocco
80%
-New York
80%
-New Zealand
80%
-North Korea
80%
-Norway
80%
-Papua-New Guinea
80%
-Philippines
80%
-Poland
80%
-Romania
80%
-San Marino
80%
-Seychelles
80%
-Slovakia
80%
-Slovenia
80%
-South Korea
80%
-Sudan
80%
-Syria
80%
-Turkey
80%
-Venezuela
80%
-Vietnam
80%
-Washington
80%
-Washington D.C.
80%
-Yemen
80%
-Afghanistan
77%
-Albania
77%
-Bahamas
77%
-Belize
77%
-Bosnia
77%
-Brunei
77%
-Bulgaria
77%
-Cameroon
77%
-Costa Rica
77%
-Croatia
77%
-Czech Republic
77%
-Djibouti
77%
-Dominican Republic
77%
-El Salvador
77%
-Eritrea
77%
-Eswatini
77%
-Ethiopia
77%
-Fiji
77%
-Gabon
77%
-Gambia
77%
-Hungary
77%
-Kenya
77%
-Kosovo
77%
-Kyrgyzstan
77%
-Laos
77%
-Luxembourg
77%
-Madagascar
77%
-Mauritania
77%
-Mongolia
77%
-Mozambique
77%
-Nepal
77%
-New Mexico
77%
-Nicaragua
77%
-Niger
77%
-Nigeria
77%
-Pakistan
77%
-Qatar
77%
-Rwanda
77%
-Saudi-Arabia
77%
-Serbia
77%
-Singapore
77%
-Somalia
77%
-St.Lucia
77%
-St.Vincent and the Grenadines
77%
-Suriname
77%
-Switzerland
77%
-Tajikistan
77%
-Togo
77%
-Tunis
77%
-Uzbekistan
77%
-Alabama
75%
-Bahrain
75%
-Benin
75%
-Burkina Faso
75%
-California
75%
-Cape Verde
75%
-Chad
75%
-Dominica
75%
-Greece
75%
-Guinea-Bissau
75%
-Honduras
75%
-Ivory Coast
75%
-Kiev
75%
-Kuwait
75%
-Kuwait City
75%
-Liberia
75%
-Maine
75%
-Malawi
75%
-Massachusetts
75%
-Moldova
75%
-Moscow
75%
-Namibia
75%
-Paris
75%
-Samoa
75%
-Senegal
75%
-Sierra Leone
75%
-Solomon Islands
75%
-South Sudan
75%
-Sri Lanka
75%
-St.Kitts and Nevis
75%
-Thailand
75%
-Trinidad and Tobago
75%
-Tuvalu
75%
-Zambia
75%
-Antigua and Barbuda
73%
-Arizona
73%
-Barbados
73%
-Burundi
73%
-Comoros
73%
-Equatorial Guinea
73%
-Idaho
73%
-Lebanon
73%
-Lesotho
73%
-Madrid
73%
-Mali
73%
-Myanmar
73%
-Nauru
73%
-New Hampshire
73%
-Scotland
73%
-South Dakota
73%
-Taiwan
73%
-Tanzania
73%
-Texas
73%
-Tonga
73%
-UAE
73%
-Wales
73%
-Zimbabwe
73%
US States-Alaska
70%
-Angola
70%
-Arkansas
70%
-Beijing
70%
-Botswana
70%
-Dublin
70%
-England
70%
-Florida
70%
-Grenada
70%
-Havanna
70%
-Lisbon
70%
-Louisiana
70%
-Marshall Islands
70%
-Mauritius
70%
-Michigan
70%
-Micronesia
70%
-Nevada
70%
-North Carolina
70%
-North Dakota
70%
-Oregon
70%
-Oslo
70%
Capitals-Ottawa
70%
-Palau
70%
-Seoul
70%
-South Carolina
70%
-Stockholm
70%
-Tokyo
70%
-Tunisia
70%
-Uganda
70%
-Vienna
70%
-Virginia
70%
-West Virginia
70%
-Wisconsin
70%
-Wyoming
70%
-Amsterdam
68%
-Athens
68%
-Berlin
68%
-Buenos Aires
68%
-Colorado
68%
-Connecticut
68%
-Delaware
68%
-East Timor
68%
-Hawaii
68%
-Iowa
68%
-Kentucky
68%
-Kiribati
68%
-Maldives
68%
-Mississippi
68%
-Missouri
68%
-Montana
68%
-New Jersey
68%
UK States-Northern Ireland
68%
-Pennsylvania
68%
-Reykjavik
68%
-Rhode Island
68%
-Tennessee
68%
-Vermont
68%
-Cairo
66%
-Helsinki
66%
-Kansas
66%
-Lima
66%
-Macedonia
66%
-Minnesota
66%
-Minsk
66%
-Nebraska
66%
-New Delhi
66%
-Oklahoma
66%
-Riga
66%
-Sao Tome
66%
-Sao Tome and Principe
66%
-Utah
66%
-Vanuatu
66%
-Warsaw
66%
-Belgrade
64%
-Brussels
64%
-Canberra
64%
-Jerusalem
64%
-Pyongyang
64%
-Sofia
64%
-Ankara
61%
-Bogota
61%
-Brasilia
61%
-Budapest
61%
-Caracas
61%
-Copenhagen
61%
-Hanoi
61%
-Illinois
61%
-Indiana
61%
-Kingston
61%
-Kingstown
61%
-Ohio
61%
-Prague
61%
-Skopje
61%
-Tallin
61%
-Tripoli
61%
-Vilnius
61%
-Baku
59%
-Bangkok
59%
-Bern
59%
-Bucharest
59%
-Damascus
59%
-Jakarta
59%
-Maryland
59%
-Nicosia
59%
-Pretoria/Bloemfontein/Cape Town
59%
-Tehran
59%
-Tirana
59%
-Vaduz
59%
-Wellington
59%
-Algiers
57%
-Baghdad
57%
-Beirut
57%
-Bratislava
57%
-Chisinau
57%
-Doha
57%
-Kabul
57%
-Managua
57%
-Montevideo
57%
-Nassau
57%
-Quito
57%
-Rabat
57%
-San Salvador
57%
-Santiago
57%
-Zagreb
57%
-Addis Ababa
55%
-Andorra la Vella
55%
-Bavaria
55%
-Georgetown
55%
-Islamabad
55%
-La Paz
55%
-Ljubljana
55%
-Pristina
55%
-San Jose
55%
-Sarajevo
55%
-Tegucigalpa
55%
-Accra
52%
-Amman
52%
-Belmopan
52%
-Kathmandu
52%
-Podgorica
52%
-Port-au-Prince
52%
-Port-of-Spain
52%
-Yerevan
52%
-Abu Dhabi
50%
-Antananarivo
50%
-Asuncion
50%
-Bridgetown
50%
-Dakar
50%
-Freetown
50%
-Kuala Lumpur
50%
-Manila
50%
-Mogadishu
50%
-Tashkent
50%
-Valetta
50%
-Victoria
50%
-Ashgabat
48%
-Bishkek
48%
-Dhaka
48%
-Harare
48%
-Luanda
48%
-Nur-Sultan
48%
-Paramaribo
48%
-Phnom Penh
48%
-Riyadh
48%
-Roseau
48%
-Brazzaville
45%
-Dushanbe
45%
-Lusaka
45%
-Manama
45%
-Nairobi
45%
-Santo Domingo
45%
-Sri Jayawardenepura Kotte
45%
-Ulaanbataar
45%
-Vientiane
45%
-Windhoek
45%
-Bissau
43%
-Dili
43%
-Khartoum
43%
-Kinshasa
43%
-Lilongwe
43%
-Male
43%
-Porto Novo
43%
-Suva
43%
-Taipei
43%
-Asmara
41%
-Bandar Seri Begawan
41%
-Bangui
41%
-Castries
41%
-Monrovia
41%
-Muscat
41%
-Port Louis
41%
-Port Moresby
41%
-Abuja
39%
-Apia
39%
-Bamako
39%
-Banjul
39%
-Conakry
39%
-Dodoma
39%
-Funafuti
39%
-Gaborone
39%
-Libreville
39%
-Lome
39%
-Maputo
39%
-Yaounde
39%
-Basseterre
36%
-Juba
36%
-Kampala
36%
-Naypyidaw
36%
-Ngerulmud
36%
-Ouagadougou
36%
-Port Vila
36%
-Praia
36%
-Yaren
36%
-Hamburg
34%
-Kigali
34%
-Malabo
34%
-Maseru
34%
-Moroni
34%
-Niamey
34%
-Honiara
32%
-Majuro
32%
-Mbabane
30%
-Nuku Alofa
30%
-Palikir
30%
-South Tarawa
30%
-Yamoussoukro
30%
-Gitega
27%
-Saxony
27%
-Baden-Wurttemberg
23%
-Bremen
23%
-Lower Saxony
23%
-Mecklenburg-Vorpommern
20%
-Saarland
18%
-Brandenburg
16%
German States-Schleswig-Holstein
16%
-Tblisi
16%
-Hessen
14%
-Thuringia
14%
-Saxony-Anhalt
11%
-Thimpu
11%
-Rhineland-Pfalz
9%
-North Rhine-Westfalia
7%
-Congo(D.R.)
5%
-Congo(Rep.of)
0%
-N´Djamena
0%
-Nouachkott
0%
-Sana´a
0%
-St.George´s
0%
-St.John´s
0%

Score Distribution

Percentile by Number Answered

Percent of People with Each Score

Your Score History

You have not taken this quiz